000 00762cab a2200229 4500
001 ##L132845
008 060314n2006 000 0 eng u
035 _a(Sirsi) u132845
041 0 _aeng
100 1 _aMcAllister, Sean
245 0 0 _aCity, city fringe and docklands
260 _c2006
490 0 _aProperty Week
_v71(10) 10 March 2006, 125-146(11)
520 _aLooks at the corporate profile of Exemplar Properties; the City office markets; retail trends in London's docklands; and Japan's interest in the Square Mile.
590 _aIKA140306
650 2 4 _aLONDON DOCKLANDS
650 2 4 _aCITY OF LONDON
650 2 4 _aSQUARE MILE
690 _aPROPERTY-COMMERCIAL PROPERTY-COMMERCIAL PROPERTY MARKET
700 1 _aBarrett, Claer
942 _n0
999 _c76657
_d76657